Z jakiego kraju pochodzi dana firma/marka - Statystyki

Ogólne statystyki
  • Ten quiz został rozwiązany 85 razy
  • Średni wynik to 15 z 44
Statystyki odpowiedzi
Obrazkowy Hint Odpowiedź % Poprawnych
Przewóz przesyłek Niemcy
77%
Samochody Czechy
65%
Zabawki Dania
63%
Samochody Włochy
62%
Odzież Niemcy
53%
Elektronika Korea Południowa
52%
Telekomunikacja Francja
50%
Elektronika Korea Południowa
50%
Drogeria Niemcy
50%
Telekomunikacja Finlandia
47%
Odzież Polska
47%
Supermarkety Portugalia
47%
Petrochemia Wielka Brytania
47%
Odzież Hiszpania
42%
Piwo Meksyk
40%
Zegarki Szwajcaria
40%
Serwis strumieniowy Szwecja
40%
Linie lotnicze Węgry
40%
Sklepy dekoracyjne Dania
38%
Petrochemia Holandia / Wielka Brytania
38%
Technologia obrazowania Japonia
37%
Elektronika, informatyka Chiny
33%
Maszynki i akcesoria do golenia Stany Zjednoczone
33%
Sklepy z drobiazgami Dania
32%
Technologia obrazowania Japonia
32%
Komunikator internetowy Estonia
30%
Elektronika Holandia
30%
Odzież Szwecja
28%
Sprzęt ogrodniczy Szwecja
27%
Instytucja finansowa Holandia
25%
Biżuteria Polska
23%
Lizaki Hiszpania
22%
Artykuły spożywcze Szwajcaria
22%
Ubezpieczenia Francja
20%
Napoje alkoholowe Grecja
20%
Wyroby gumowe i opony Japonia
18%
Telewizja Francja
17%
Farmaceutyka Szwajcaria
17%
Lody Stany Zjednoczone
15%
Informatyka Norwegia
13%
Odzież Norwegia
13%
Kosmetyki Szwecja
13%
Odzież Włochy
13%
Sprzęt sportowy Australia
10%
Nie znaleziono quizów pasujących do podanych kryteriów
Rozkład punktacji
Procent ludzi z każdym wynikiem
Percentyl według liczby udzielonych odpowiedzi
Twoja historia wyników
Nie rozwiązałeś tego quizu